Zbrojní výroba a vývoz meziválečného Československa

Zbrojárska výroba v dobe vzniku Československa. Vývoj československej výroby a exportu zbraní v medzivojnovom období. Prehľad najvýznamnejších československých zbrojoviek. Vývoz zbraní.

Gespeichert in:
Bibliographische Detailangaben
1. Verfasser: Skřivan, Aleš
Format: Buchkapitel
Sprache:Tschechisch
Schlagworte:
Tags: Tag hinzufügen
Keine Tags, Fügen Sie das erste Tag hinzu!

MARC

LEADER 00000naa$a2200000$$$4500
001 0049776
005 20231107105853.6
041 0 |a cze 
044 |a CZ 
245 1 0 |a Zbrojní výroba a vývoz meziválečného Československa  |c Aleš Skřivan 
520 |a Zbrojárska výroba v dobe vzniku Československa. Vývoj československej výroby a exportu zbraní v medzivojnovom období. Prehľad najvýznamnejších československých zbrojoviek. Vývoz zbraní. 
610 2 0 |a priemysel zbrojársky 
610 2 0 |a Česko 
610 2 0 |a Slovensko 
610 2 0 |a história 
610 2 0 |a vývoz 
610 2 0 |a výroba 
610 2 0 |a obchod zahraničný 
610 2 0 |a zbrane 
610 2 0 |a zbrojenie 
100 1 |a Skřivan, Aleš